000 00657nam a2200157Ia 4500
008 100122s9999 xx 000 0 und d
082 _b69590
_a823
100 _aचेस जेम्स हॅडली
245 _aफ्रोझन डेथ अनु- मधुकर हुद्दार
260 _bनंदादीप बुक सर्व्हिसेस
_c2006
300 _a174
630 _aफ्रोझन डेथ अनु- मधुकर हुद्दार
700 _aहुद्दार मधुकर
730 _aफ्रोझन डेथ अनु- मधुकर हुद्दार
942 _cBOOK
999 _c440856
_d440853